Nilkant Gorki aur pragatisheel lekhakon ka muky kartavy: (Record no. 80468)
[ view plain ]
| 000 -LEADER | |
|---|---|
| fixed length control field | 00704nam a2200193Ia 4500 |
| 003 - CONTROL NUMBER IDENTIFIER | |
| control field | OSt |
| 005 - DATE AND TIME OF LATEST TRANSACTION | |
| control field | 20250301092749.0 |
| 008 - FIXED-LENGTH DATA ELEMENTS--GENERAL INFORMATION | |
| fixed length control field | 210210b1971 xxu||||| |||| 00| 0 eng d |
| 040 ## - CATALOGING SOURCE | |
| Transcribing agency | AL |
| 082 ## - DEWEY DECIMAL CLASSIFICATION NUMBER | |
| Classification number | H891.4 CHAN |
| 100 ## - MAIN ENTRY--PERSONAL NAME | |
| Personal name | CHATURVEDI (Banarsidas) |
| 9 (RLIN) | 203118 |
| 110 ## - MAIN ENTRY--CORPORATE NAME | |
| Subordinate unit | चतुर्वेदी बनारसीदास |
| 9 (RLIN) | 203119 |
| 245 ## - TITLE STATEMENT | |
| Title | Nilkant Gorki aur pragatisheel lekhakon ka muky kartavy: |
| Remainder of title | नीलकांत घोरकी और प्रगतिशील लेखकों का मुख्य कर्त्तव्य |
| 260 ## - PUBLICATION, DISTRIBUTION, ETC. | |
| Place of publication, distribution, etc. | Agra |
| Name of publisher, distributor, etc. | Chaturvedi Prakashan Samiti |
| Date of publication, distribution, etc. | 1971 |
| 300 ## - PHYSICAL DESCRIPTION | |
| Extent | 62 |
| 690 ## - LOCAL SUBJECT ADDED ENTRY--TOPICAL TERM (OCLC, RLIN) | |
| Topical term or geographic name as entry element | Hindi Prose |
| 9 (RLIN) | 203120 |
| 906 ## - LOCAL DATA ELEMENT F, LDF (RLIN) | |
| a | 029247 |
| 942 ## - ADDED ENTRY ELEMENTS (KOHA) | |
| Source of classification or shelving scheme | Dewey Decimal Classification |
| Koha item type | Book |
| Withdrawn status | Lost status | Source of classification or shelving scheme | Damaged status | Not for loan | Collection code | Home library | Current library | Date acquired | Cost, normal purchase price | Total Checkouts | Full call number | Barcode | Date last seen | Price effective from | Koha item type |
|---|---|---|---|---|---|---|---|---|---|---|---|---|---|---|---|
| Dewey Decimal Classification | Hindi | St Aloysius Library | St Aloysius Library | 02/17/2021 | 0.00 | H891.4 CHAN | 029247 | 02/17/2021 | 02/17/2021 | Book |